Brooke review approved (Record no. 117617)
[ view plain ]
| 000 -LEADER | |
|---|---|
| fixed length control field | 01344cam a2200205 4500 |
| 001 - CONTROL NUMBER | |
| control field | WB4025-20 |
| 008 - FIXED-LENGTH DATA ELEMENTS--GENERAL INFORMATION | |
| fixed length control field | 040630n2004 000 0 eng u |
| 035 ## - SYSTEM CONTROL NUMBER | |
| System control number | (Sirsi) u126645 |
| 245 ## - TITLE STATEMENT | |
| Title | Brooke review approved |
| 260 ## - PUBLICATION, DISTRIBUTION, ETC. | |
| Date of publication, distribution, etc. | 2004 |
| 490 ## - SERIES STATEMENT | |
| Series statement | RICS News Service |
| Volume/sequential designation | 29 June 2004 (2) |
| 520 ## - SUMMARY, ETC. | |
| Summary, etc. | RICS Governing Council has approved the Brooke Review in principle at its 28-29 June 2004 meeting. Further discussion on the detail is needed but implementation plans for the 43 separate Brooke recommendations can begin. The RICS estates strategy was also moved forward following the presentation of consultants Drivers Jonas comprehensive review of the four RICS headquarters buildings. Governing Council decided to explore an option separating 11 and 12 Great George Street, selling or leasing number 11 and completely refurbishing number 12, thus maintaining RICS Westminster presence. Cadogan Gate's lease is to be sold and the Coventry premises updated. The Brooke Review is available at http://www.rics.org/about_us/about_rics/brooke_rev iew.html. http://www.rics.org/ricscms/bin/show?class=News&te mplate=/includes/shownews.html&id=9317&faculty=RIC S |
| 590 ## - LOCAL NOTE (RLIN) | |
| Local note | WB |
| 590 ## - LOCAL NOTE (RLIN) | |
| Local note | WB |
| 650 ## - SUBJECT ADDED ENTRY--TOPICAL TERM | |
| Topical term or geographic name entry element | RICS GOVERNING COUNCIL |
| 650 ## - SUBJECT ADDED ENTRY--TOPICAL TERM | |
| Topical term or geographic name entry element | RICS BROOKE REVIEW |
| 650 ## - SUBJECT ADDED ENTRY--TOPICAL TERM | |
| Topical term or geographic name entry element | RICS ESTATES STRATEGY |
| 690 ## - LOCAL SUBJECT ADDED ENTRY--TOPICAL TERM (OCLC, RLIN) | |
| Topical term or geographic name as entry element | RICS NEWS |
| 942 ## - ADDED ENTRY ELEMENTS (KOHA) | |
| Suppress in OPAC | 0 |
| Withdrawn status | Lost status | Source of classification or shelving scheme | Damaged status | Not for loan | Home library | Current library | Shelving location | Date acquired | Total Checkouts | Full call number | Barcode | Date last seen | Copy number | Price effective from | Koha item type |
|---|---|---|---|---|---|---|---|---|---|---|---|---|---|---|---|
| Dewey Decimal Classification | London | London | News article | 30/06/2004 | WB4025-20 | 126645-1001 | 06/08/2019 | 1 | 06/08/2019 | News article |